000
00375nam a2200145Ia 4500
008
100122s9999 xx 000 0 und d
082
_b
12391
_a
50
245
_a
हेमांगी
300
_a
158
520
_a
दिवाळी - 2004
620
_a
दिवाळी - 2004
630
_a
हेमांगी
730
_a
हेमांगी
942
_c
BOOK
999
_c
385910
_d
385907